00863nam a2200265Ia 450000500170000000800410001702000150005804100080007308200180008110000310009924500730013025000220020326400260022530000330025133600270028433700330031133800280034449000250037265000330039765000290043065000170045965000520047670000340052804000350056220220316235317.0121119s1985 ck a gr 000 0 spa  a95804046660 aspa04a657.42 bH17c1 aHargadon, Bernard Joseph ,10aContabilidad de costoscBernard J. Hargadon, Armando Munera Cardenas aPrimera edición 1aBogotábNormac1985 a313 páginasbilustraciones atextobtxt2rdacontent asin mediaciónbn2rdamedia avolumenbnc2rdacarrier0 aDesarrollo gerencial142LEMBaContabilidad de costos142LEMBaCosto por procesos142LEMBaCostos142LEMBaEstados de costos de producción y venta1 aMúnera Cárdenas, Armando  aCO-BoRNBPbspaerdacCO-BoRNBP